|
|
|
|
| LEADER |
00000nam0a2200000 4500 |
| 001 |
329724 |
| 005 |
20231102004205.0 |
| 035 |
|
|
|a (RuTPU)RU\TPU\book\355492
|
| 090 |
|
|
|a 329724
|
| 100 |
|
|
|a 20170320d1955 k y0rusy50 ca
|
| 101 |
0 |
|
|a rus
|
| 102 |
|
|
|a RU
|
| 105 |
|
|
|a a z 101zy
|
| 200 |
1 |
|
|a Труды III научно-технической сессии института Механобр
|f Всесоюзный научно-исследовательский и проектный институт механической обработки полезных ископаемых (Механобр) ; отв. ред. О. С. Богданов
|
| 210 |
|
|
|a Москва
|c Металлургиздат
|d 1955
|
| 215 |
|
|
|a 158 с.
|c ил.
|
| 606 |
1 |
|
|a Обогащение
|x Горное дело
|2 stltpush
|3 (RuTPU)RU\TPU\subj\46453
|9 65593
|
| 610 |
1 |
|
|a машиностроение
|
| 610 |
1 |
|
|a руды
|
| 610 |
1 |
|
|a агломерация
|
| 610 |
1 |
|
|a доклады
|
| 610 |
1 |
|
|a труды
|
| 610 |
1 |
|
|a черные металлы
|
| 610 |
1 |
|
|a сессии
|
| 675 |
|
|
|a 622.7(063)
|v 4
|
| 702 |
|
1 |
|a Богданов
|b О. С.
|4 340
|
| 712 |
0 |
2 |
|a Всесоюзный научно-исследовательский и проектный институт механической обработки полезных ископаемых (Механобр)
|c (Ленинград)
|2 stltpush
|3 (RuTPU)RU\TPU\col\12663
|
| 712 |
1 |
2 |
|a Научно-техническая сессия института механобр
|d 3
|e Москва
|f 1954
|4 570
|
| 801 |
|
1 |
|a RU
|b 63413507
|c 20170320
|
| 801 |
|
2 |
|a RU
|b 63413507
|c 20170322
|g RCR
|
| 942 |
|
|
|c BK
|